[Event "City of Adelaide"]
[Site "Adelaide"]
[Date "1999.08.24"]
[Round "6.2"]
[White "Kerr, Bill"]
[Black "Yang, Song"]
[Result "0-1"]
[WhiteElo "1912"]
[BlackElo "1387"]
[Annotator "Fritz 5.00"]
[PlyCount "84"]
[EventDate "1999.07.20"]
[EventType "swiss"]
[EventRounds "9"]
[EventCountry "AUS"]

1. Nf3 Nf6 2. c4 g6 3. g3 Bg7 4. Bg2 O-O 5. Nc3 d6 6. d4 Nbd7 7. e4 e5 8. O-O {
King's Indian Defence (Classical Fianchetto)} Re8 9. Be3 (9. Re1 h6 (9... exd4
10. Nxd4 Nc5 (10... a6 11. h3 Rb8 12. a4 Ne5 13. b3 c5 14. Nc2 Nc6 {
1/2-1/2 Panchenko,A-Wolff,P/New York op 1992/TD 92\05}) 11. Rb1 Ng4 12. f4 c6
13. h3 Qb6 14. hxg4 Bxg4 15. Qxg4 Bxd4+ 16. Kh2 Bxc3 17. Re2 Bd4 18. Qf3 Ne6
19. Bd2 Qa6 20. f5 Nc5 21. Rf1 Qxc4 22. b3 Qd3 23. Be3 Rf8 24. Bxd4 Qxd4 25.
Qf4 Qe5 26. Qh4 f6 27. fxg6 hxg6 28. Qh6 Qh5+ 29. Qxh5 gxh5 30. Rd2 Rad8 31.
Rfd1 Kf7 32. Rxd6 Ke7 33. Rxd8 Rxd8 34. Rxd8 Kxd8 35. Kh3 Ke7 36. e5 fxe5 37.
Kh4 e4 38. Kg5 e3 {0-1 Vescovi,G-Gelashvili,T/WchJM-U18 Guarapuava 1995/JUN 95}
) 10. h3 c6 11. Be3 g5 12. b3 Qc7 13. Qc2 Nf8 14. Rad1 Ng6 15. dxe5 dxe5 16.
Bc5 Bxh3 17. Bxh3 g4 18. Bg2 gxf3 19. Bxf3 Rad8 20. Be3 Qa5 21. Kg2 Nh7 22.
Rxd8 Rxd8 23. Rd1 Rxd1 24. Nxd1 Ng5 25. Bg4 Bf6 26. Bd2 Qd8 27. Bc3 h5 28. Bxh5
Qd7 29. Qe2 Qh3+ 30. Kg1 Nxe4 31. Bxg6 Nxc3 32. Bxf7+ Kxf7 33. Nxc3 Ke6 34. Ne4
Be7 35. Qf3 a5 36. Qh1 Qf5 37. f3 Kd7 38. Kg2 Kc7 39. Qh3 Qf7 40. Qh8 Qe6 41.
Qe8 {1-0 Krogius,N-Kauschmann,H/Berliner Sommer 1996/EXP 54}) 9... exd4 10.
Nxd4 Nc5 {Pawn e4, live or die!} 11. f3 a5 12. Qd2 (12. Ndb5 Bd7 13. Qc2 Bxb5
14. cxb5 Nfd7 15. Rad1 a4 16. b6 c6 17. Rxd6 Qe7 18. Rfd1 Be5 19. R6d2 Nxb6 20.
Ne2 Ra5 21. f4 Bc7 22. e5 Ne6 23. Bf2 Rd8 24. Rxd8+ Bxd8 25. Nc3 Bc7 26. Kh1
Nc5 {Stohl,I-Vukic,M/AUT-chT 1991/EXT 91ch/1/2-1/2 (38)}) 12... Ne6 $146 (12...
c6 13. Rfd1 (13. Rad1 Qc7 14. Nde2 Bf8 15. Bf4 Be6 16. b3 Rad8 17. Bg5 Be7 18.
Bf4 Qb6 19. Be3 Qa6 20. Bxc5 dxc5 21. Qc2 b5 22. e5 Bf5 23. Ne4 Nxe4 24. fxe4
Bg4 25. Rxd8 Bxd8 26. Nf4 Rxe5 27. h3 Bd7 {
Simon,T-Widmann,V/Neuwied op 1993/GER 09/0-1 (52)}) 13... Qe7 14. Bf2 Nfd7 15.
Nc2 Ne5 16. Qe2 Be6 17. Ne3 f5 18. exf5 gxf5 19. f4 Ng4 20. Nxg4 fxg4 21. Bd4
Rad8 22. Rd2 Qf7 23. Rad1 Bf5 24. Qf1 Bxd4+ 25. Rxd4 Re6 26. Qf2 Qe7 27. Bf1 h5
28. R1d2 Kf7 29. Re2 Rxe2 {1/2-1/2 Krnic,Z-Paunovic,D/JUG-chT 1989/TD 89\07}) (
12... Nfd7 13. Rf2 Ne5 14. Bf1 Bd7 15. Rd1 f6 16. Ndb5 Ne6 17. Nd5 Qb8 18. h3
Nf7 19. f4 Bc6 20. Qc2 b6 21. Nd4 Bxd5 22. cxd5 Nc5 23. Bg2 Qc8 24. Re1 Qd7 25.
Kh2 Nd8 26. Rd2 Rb8 27. Bf2 Qf7 28. Bf1 f5 29. exf5 Rxe1 30. fxg6 Qxd5 31. Bxe1
Qe4 32. Re2 Qxc2 33. Nxc2 hxg6 34. Re7 Rc8 35. Bc3 Bxc3 36. bxc3 Kf8 37. Re3 d5
38. c4 c6 39. Nd4 Kf7 40. cxd5 cxd5 41. Nb5 Ndb7 42. Bg2 d4 43. Nxd4 Rd8 44.
Nf3 Nd6 45. Ng5+ Kg7 46. Re7+ Kf6 47. Rc7 {
Loeffler,S-Pedersen,S/Gausdal AC 1991/TD 91\06/1-0 (57)}) 13. Rae1 Nxd4 $14 (
13... a4 14. Nd5 $11) 14. Bxd4 ({Instead of} 14. Qxd4 Nxe4 $1 {
Black pulls ahead} 15. Qd3 Nxc3 16. bxc3 Bf5 $19) 14... Be6 15. Nd5 Bxd5 (15...
Nxd5 16. cxd5 Bxd4+ 17. Qxd4 $14) 16. cxd5 {This push gains space} c5 17. dxc6
bxc6 18. f4 (18. Rc1 d5 19. e5 Nd7 $16) 18... Rb8 19. Kh1 Rb4 20. Qd3 Rxd4 (
20... Nh5 21. Bxg7 Nxg7 22. b3 $14) 21. Qxd4 Nxe4 22. Qa7 (22. Qd1 f5 23. Bxe4
fxe4 $16) 22... Re7 23. Qg1 f5 24. Bxe4 fxe4 25. f5 Bxb2 $16 (25... gxf5 26.
Rxf5 d5 27. Qc5 $14) 26. Qe3 $11 (26. Qg2 $142 $5 Be5 27. Qxe4 $16) 26... Kg7
$14 (26... d5 $142 $5 $11 {should not be overlooked}) 27. g4 d5 (27... gxf5 28.
Qg5+ Kh8 29. Rxf5 $16 (29. Qxf5 $143 d5 $15)) 28. Qc5 $11 (28. Qf2 Bf6 29. g5
Bxg5 30. f6+ Bxf6 31. Qxf6+ Kg8 32. Qxc6 $18) 28... Qc7 29. g5 gxf5 30. Rxf5
Qd7 31. Qf2 d4 $4 $18 {hands over the advantage to the opponent} (31... Bc3
$142 {would save the game} 32. Rf1 e3 $15) 32. Rf8 {Do you see the mate threat?
} d3 $4 {leading to a quick end#} (32... Rf7 33. Rxf7+ $1 {
leaving no more doubts} Qxf7 34. Qxb2 c5 $18) 33. Qxb2+ (33. Rf1 Qe6 34. Rg8+
Qxg8 35. Qxb2+ Kg6 36. Qf6+ Kh5 37. Qh6+ Kg4 38. Rg1+ Kf3 39. Qf6+ Ke3 40. Rg3+
Ke2 41. Rg2+ Kd1 42. Qf1#) 33... Kxf8 34. Qh8+ Kf7 35. Rf1+ $4 $19 {
overlooking an easy win} (35. Qxh7+ Kf8 36. Qh8+ Kf7 37. g6+ Ke6 38. Rxe4+ Kf5
39. Re5+ Rxe5 40. Qh3+ Kxg6 41. Qxd7 $18) 35... Ke6 36. Qf6+ Kd5 37. Rf5+ $4 {
sad, but how else could White save the game?} (37. Qc3 $19) 37... Kc4 {
Black threatens strongly d2} 38. Rxa5 {Black now must not overlook the idea Qb2
} d2 $1 {an unpleasant surprise. Threatening mate... how?} 39. Ra4+ Kb5 40.
Qf1+ (40. Rd4 {a last effort to resist the inevitable} d1=Q+ 41. Rxd1 Qxd1+ 42.
Kg2 Qg4+ 43. Kf1 $19) 40... Qd3 $1 {an unexpected blow. The mate threat is Qxf1
} 41. Qd1 {White threatens to counter with Ra3} Qf3+ 42. Qxf3 exf3 (42... exf3
43. Kg1 d1=Q+ 44. Kf2 Kxa4 45. Kg3 Qg1+ 46. Kxf3 Qf1+ 47. Kg3 Re3+ 48. Kg4 Qf3+
49. Kh4 Re4#) 0-1

[Event "City of Adelaide"]
[Site "Adelaide"]
[Date "1999.08.24"]
[Round "6.3"]
[White "Sheldrick, Kevin"]
[Black "Rigo, Bernard"]
[Result "1-0"]
[WhiteElo "1860"]
[BlackElo "1694"]
[Annotator "Fritz 5.00"]
[PlyCount "71"]
[EventDate "1999.07.20"]
[EventType "swiss"]
[EventRounds "9"]
[EventCountry "AUS"]

1. e4 e6 2. d4 d5 3. Nc3 Bb4 {French Defence (Winawer Variation)} 4. e5 Qd7 5.
a3 Bxc3+ 6. bxc3 b6 7. Qg4 (7. Nh3 Ba6 8. Bxa6 Nxa6 9. Qg4 f5 10. Qh5+ g6 11.
Qe2 Nb8 12. c4 (12. g4 Nc6 13. gxf5 exf5 14. Bg5 Nd8 15. Bxd8 Rxd8 16. Nf4 Ne7
17. h4 c5 18. Rg1 cxd4 19. cxd4 Rc8 20. Rg3 Qa4 21. c3 Qb3 22. Qd1 Qxd1+ 23.
Kxd1 Kf7 24. Kd2 Rc4 25. h5 Rg8 26. hxg6+ hxg6 27. Rh1 Ra4 28. Rh7+ Rg7 29. Rh8
Rg8 30. e6+ Kg7 31. Rxg8+ Kxg8 32. Nxg6 Nxg6 33. Rxg6+ Kf8 34. Ke3 Rxa3 35. Kf4
Ra2 36. Ke5 Re2+ 37. Kd6 a5 38. Rf6+ Kg8 39. e7 {
1-0 Dueball,J-Panzer,P/GER-CupT 1992/BIG 90}) 12... dxc4 13. Qxc4 Qc6 14. Qxc6+
Nxc6 15. Bb2 Nge7 16. O-O-O Nd8 17. c4 c6 18. Nf4 O-O 19. h4 Rc8 20. Kb1 Kf7
21. d5 cxd5 22. cxd5 Nxd5 23. Nxd5 exd5 24. Rxd5 Re8 25. h5 g5 26. e6+ Nxe6 27.
Rxf5+ Kg8 28. f4 Rc5 29. Rxc5 bxc5 30. f5 Nd4 31. Rc1 Re5 32. g4 Re4 33. Rxc5
Rxg4 34. Rd5 Nf3 35. Rd8+ Kf7 36. Rd7+ Kf8 37. Rxh7 Rh4 38. f6 g4 39. a4 Ng5
40. Ba3+ Ke8 41. Re7+ Kd8 42. f7 Rh1+ 43. Kc2 Rh2+ 44. Kd1 Rh1+ 45. Ke2 Nxf7
46. Rxf7 Rxh5 47. Rxa7 Kc8 48. Bd6 Rd5 49. Rc7+ Kd8 50. Bg3 Ra5 51. Rc4 {
1-0 Kristiansen,J-Beulen,M/Lyngby op 1990/EXT 90op}) 7... f5 8. Qg3 Ba6 9. Bxa6
Nxa6 10. Ne2 c5 (10... Nb8 11. h4 (11. Nf4 Nc6 12. Nxe6 Qxe6 13. Qxg7 O-O-O 14.
Qxh8 Qg6 15. Bd2 Rd7 16. O-O-O h5 17. g4 fxg4 18. f4 Nce7 19. e6 Rd8 20. f5
Nxf5 21. Qe5 Nge7 22. Rhf1 h4 23. Rde1 a5 24. Bf4 Rd6 25. Qh8+ Rd8 {
Krakops,M-Del Rio,S/EU-chJM U20 1996/1-0 (46)}) 11... Nc6 12. Bg5 h6 13. Bc1
Qf7 14. Nf4 Nge7 15. h5 Na5 16. a4 Kd7 17. Ba3 Rhc8 18. Rh3 c5 19. Qd3 Nc4 20.
Rg3 Rc7 21. Bc1 Ke8 22. Kf1 Rac8 23. Kg1 Rc6 24. Rb1 R8c7 25. Qe2 Kd8 26. dxc5
bxc5 27. Rb8+ Rc8 28. Rb5 Ke8 29. Be3 Kf8 30. Bc1 Rb6 31. Ng6+ Ke8 32. Nh8 {
1/2-1/2 Kamsky,G-Seirawan,Y/Tilburg 1990/CBM 20/[Knaak]}) 11. a4 $146 (11. O-O
Rc8 12. Nf4 g6 13. a4 cxd4 14. cxd4 Nb4 15. c3 Nc6 16. h4 Qf7 17. Ba3 Na5 18.
Bb4 Nc4 19. a5 bxa5 20. Bc5 Ne7 21. Rfb1 Nc6 22. Rb5 a6 23. Rb3 Nd2 24. Rb6 Nc4
25. Rab1 Nxb6 {Klovans,J-Jacot,L/Geneve op 1992/TD 92\04/1-0 (41)}) 11... Kf7
12. h4 Ne7 13. h5 Rag8 14. h6 g6 15. Bg5 (15. a5 Ra8 $11) 15... Rc8 16. Qd3 Nc7
17. Bf6 {White can be proud of that piece} Rhd8 18. Nf4 Ne8 19. Nh3 cxd4 20.
cxd4 Rc4 {Attacking the isolated pawn on a4. 'the rook is the rook!'} 21. O-O
$15 (21. Qa3 Rc7 $14 (21... Nxf6 $2 {is a blank shot} 22. Ng5+ Kg8 23. exf6 $18
)) 21... Rdc8 {Exerts pressure on the backward pawn} ({Less advisable is} 21...
Nxf6 22. Ng5+ Kg8 23. exf6 $16) 22. Rfc1 $17 (22. Bxe7 $142 $5 {is noteworthy}
Qxe7 23. Rfc1 $15) 22... Nc6 (22... Nxf6 $6 23. Ng5+ Kg8 24. exf6 $14) 23. Ng5+
Kg8 24. c3 Nxd4 $1 {securing the lead} 25. Rd1 Nb3 (25... Nxf6 $6 26. exf6 Nb3
27. f7+ Kf8 28. Qg3 $17) 26. Ra3 Rxc3 $17 (26... Na5 $142 $5 $19) 27. Qb5 {
Threatening mate... how?} Qxb5 (27... Nxf6 $6 28. exf6 Qxb5 29. axb5 $11) 28.
axb5 {The game is finished by a kings attack} Na5 $4 $11 {
Black has let it slip away} (28... Rc1 $142 {with excellent chances for Black}
29. Rxc1 Rxc1+ (29... Nxc1 30. Rxa7 Ne2+ 31. Kh2 $18) 30. Kh2 Na5 (30... Nxf6
31. exf6 Na5 32. Re3 $18) 31. Nxe6 Rb1 $19 (31... Nxf6 $6 32. exf6 Rc4 33. Ng5
$15)) 29. Rxc3 {Threatening mate: Rxc8} Rxc3 30. Nxe6 Nxf6 31. exf6 {
The passed pawn on f6 will quickly become a dangerous weapon} Rc8 32. Ng5 Nc4
$4 $18 {Black falls apart} (32... Nb3 $142 $16) 33. Rxd5 {
Do you see the mate threat?} Rf8 34. Rd7 {The mate threat is Rg7} Rxf6 35. Rg7+
Kf8 (35... Kh8 {there is nothing else anyway} 36. Rxh7+ Kg8 37. Rxa7 Rf8 38.
Rg7+ Kh8 $18) 36. Nxh7+ (36. Nxh7+ Ke8 37. Nxf6+ Kf8 38. Nd7+ Ke8 39. h7 Kd8
40. h8=Q+ Kc7 41. Qb8#) 1-0

[Event "City of Adelaide"]
[Site "Adelaide"]
[Date "1999.08.24"]
[Round "6.4"]
[White "Thiyagarajah, Anand"]
[Black "Vitols, Wassim"]
[Result "1-0"]
[WhiteElo "1115"]
[BlackElo "904"]
[Annotator "Fritz 5.00"]
[PlyCount "107"]
[EventDate "1999.07.20"]
[EventType "swiss"]
[EventRounds "9"]
[EventCountry "AUS"]

1. d4 Nf6 2. Nf3 e6 3. e3 b6 {Queen's Pawn Opening} 4. Bd3 (4. Nbd2 Bb7 5. Be2
c5 6. O-O Be7 7. c4 O-O 8. b3 d6 9. Bb2 Nbd7 10. Re1 a6 11. Bf1 Qc7 12. Rc1
Rac8 13. e4 cxd4 14. Bxd4 e5 15. Bb2 Qb8 16. b4 Qa8 17. Bd3 Rfd8 18. Qb3 Nh5 {
Domotor,J-Horvath,G/Zalakaros op 1996/EXP 52/0-1 (66)}) 4... Ba6 (4... a5 5.
O-O Ba6 6. c4 d5 7. Qe2 Be7 8. Nc3 O-O 9. e4 dxc4 10. Bxc4 c6 11. Rd1 Qc8 12.
Bg5 h6 13. Bh4 Re8 14. Rac1 Qb7 15. Ne5 b5 16. Bd3 Rd8 17. d5 b4 18. Nxc6 bxc3
19. Nxd8 Bxd8 20. dxe6 fxe6 21. e5 Nd5 22. Bxd8 cxb2 23. Rb1 Bxd3 24. Rxd3 Nc6
25. Rxb2 Qa6 26. Rxd5 Qxe2 27. Rxe2 exd5 28. Bh4 d4 29. f4 Rc8 30. Kf2 d3 31.
Rd2 Nb4 32. Ke3 Rc4 33. a3 Nd5+ 34. Kxd3 Ra4 35. g3 Kf7 36. f5 Rxa3+ 37. Kd4
Ne3 38. Ke4 g5 39. fxg6+ {Berg,K-Blatny,P/Gausdal PG 1992/TD 92\08/0-1 (51)}) (
4... Bb7 5. O-O (5. c4 Bb4+ 6. Nbd2 c5 7. O-O O-O 8. b3 cxd4 9. exd4 d5 10. Bb2
Nc6 11. Qe2 Ne7 12. Ne5 Ng6 13. f4 Qe7 14. Rad1 a5 15. a4 Rac8 16. Qe3 Qe8 17.
Ra1 Rc7 18. Ndf3 Qa8 19. Rac1 dxc4 20. bxc4 Be4 21. Be2 Ne7 22. g4 h6 23. h3
Bh7 24. Nd3 h5 25. Ng5 Be4 26. Nxb4 axb4 27. f5 exf5 28. d5 Nexd5 29. cxd5 Rxc1
30. Rxc1 Qxd5 31. Bxf6 gxf6 32. Nxe4 fxe4 33. Kh1 Re8 34. gxh5 Kh7 35. Rg1 Re5
36. h4 Rf5 37. Qg3 e3+ 38. Rg2 {
1-0 Kurajica,B-Pogorelov,R/Linares op 1995/EXP 45}) 5... d5 (5... c5 6. c4 Be7
7. b3 Nc6 8. Nbd2 O-O 9. Bb2 cxd4 10. exd4 d5 11. Qe2 Nb4 12. Bb1 Re8 13. Ne5
Bf8 14. Ndf3 Rc8 15. Rd1 g6 16. a3 Nc6 17. Ba2 Bg7 18. Rac1 dxc4 19. bxc4 Nd7
20. Ng4 Na5 21. Qe3 Qe7 22. h3 Qf8 23. Nfe5 Nxe5 24. Nxe5 Nc6 25. f4 Nxe5 26.
dxe5 Red8 27. Bb3 Qe8 28. Rxd8 Rxd8 29. c5 Qc6 30. Qf2 bxc5 31. Rxc5 Qb6 32.
Ba2 Bf8 33. Rc2 Rd1+ 34. Kh2 Be4 35. Qxb6 axb6 36. Re2 Bd3 37. Rf2 Bc5 38. Bb3
Rb1 39. Rd2 Be3 40. Rxd3 Bxf4+ {0-1 Piskov,Y-Lobron,E/BL9596 1996/BL 90}) 6.
Nbd2 Bd6 7. c4 O-O 8. b3 Nbd7 9. Qc2 c5 10. Bb2 Rc8 11. a4 Qc7 12. cxd5 exd5
13. dxc5 bxc5 14. Bf5 Rb8 15. Rac1 Rfe8 16. Rfd1 Ba8 17. h4 h6 18. Ba3 Qb7 19.
Rb1 Bf8 20. Bh3 Qa6 21. Bb2 Rb6 22. Ne1 Rc6 23. Ndf3 Qb7 24. Nd3 d4 25. exd4
cxd4 26. Qd2 Ne4 27. Qa5 Nc3 28. Re1 Rxe1+ 29. Rxe1 Rg6 30. h5 Ra6 31. Qf5 Nf6
32. Nxd4 Nce4 33. Bc1 Rd6 34. Be3 Rd5 35. Ne5 Qb4 36. Ndf3 Qxb3 37. Qc8 Qb7 38.
Rc1 Nd6 39. Qxb7 Bxb7 40. Rc7 Ra5 41. Nxf7 Bxf3 42. gxf3 Nd5 43. Bd2 Rxa4 44.
Rd7 Nf4 45. Bxf4 Nxf7 {1/2-1/2 Conquest,S-Wahls,M/Capablanca mem-A 1996/TUR 96}
) 5. O-O $146 (5. c4 Bb4+ 6. Bd2 Be7 7. Nc3 d5 8. Qe2 O-O 9. e4 dxc4 10. Bxc4
Bxc4 11. Qxc4 c5 12. dxc5 Bxc5 13. Bg5 Qc8 14. Qe2 Bb4 15. Bxf6 gxf6 16. Rc1
Qa6 17. a3 Bxc3+ 18. Rxc3 Rd8 19. b4 b5 {
Dussol,P-Popov,S/Paris-ch 1992/EXT 92ch/1/2-1/2 (69)}) (5. Bxa6 Nxa6 6. Qe2 Nb4
$14) 5... c5 6. c3 $15 (6. Bxa6 Nxa6 7. e4 cxd4 $11 (7... Nxe4 $2 8. Qe2 $18))
6... Bxd3 7. Qxd3 d5 8. Nbd2 c4 {Black wins space} (8... Nc6 9. e4 $11) 9. Qe2
Ne4 $16 (9... Nbd7 $142 $5 $14 {must definitely be considered}) 10. Nxe4 dxe4
11. Nd2 Nd7 $18 (11... Qc7 12. f3 $16) 12. Nxe4 $16 (12. f3 b5 $18) 12... Qh4
$18 (12... Qc7 $5 $16) 13. Nd2 b5 14. Nf3 (14. a4 $5 bxa4 15. Qxc4 Bd6 $18)
14... Qh5 15. Qc2 Bd6 16. b3 (16. a4 O-O $18) 16... O-O 17. b4 Nf6 18. a4 a6
19. h3 Qd5 20. Nd2 e5 $18 (20... Qh5 $5 $16) 21. e4 Qb7 22. d5 Nd7 23. a5 $16 (
23. Rd1 $5 $18) 23... f6 $18 (23... f5 $5 $16) 24. Rd1 Rf7 25. Nf1 Raf8 (25...
f5 26. exf5 Raf8 27. Ng3 $18) 26. Ne3 Kh8 27. Nf5 Qc7 28. g4 Rg8 29. Qe2 Bf8
30. Qc2 $11 (30. Qf3 $142 $18) 30... g6 $16 (30... Bd6 31. Qd2 Bf8 $18) 31. Ng3
h5 (31... Qd6 32. Be3 $18) 32. f3 $16 (32. gxh5 $142 $5 Rh7 33. Qe2 $18) 32...
Rh7 $18 (32... hxg4 $5 33. hxg4 Rh7 $16) 33. Be3 $16 (33. gxh5 $5 f5 34. hxg6 (
34. exf5 gxf5 35. Kh2 e4 $11) 34... Rxg6 35. Kh2 $18) 33... hxg4 34. hxg4 Bh6
35. Qd2 Bxe3+ 36. Qxe3 Kg7 37. Kg2 Rgh8 38. Rh1 Rxh1 {The mate threat is R8h2}
39. Rxh1 Rh7 40. Rxh7+ Kxh7 41. Ne2 Kg7 42. Qd2 Qd6 43. Ng3 Nf8 44. Qe3 Nd7 45.
Ne2 $11 (45. Kh3 $142 $5 $16) 45... Qc7 46. Ng1 Kh7 47. Nh3 Kg7 48. g5 {
White gets the initiative} f5 49. Qf2 f4 (49... Qd6 50. Qh4 fxe4 51. fxe4 $18)
50. Qh4 Nf8 (50... Kg8 51. Qh6 Nf8 52. Nf2 $18) 51. Nf2 Qd6 52. Ng4 Qe7 53. Nf6
{With the idea Qf2} Qf7 (53... Kf7 $18 {the last chance for counterplay}) 54.
Qh6# 1-0

[Event "City of Adelaide"]
[Site "Adelaide"]
[Date "1999.08.24"]
[Round "6.5"]
[White "Kramer, Warren"]
[Black "Riches, L John"]
[Result "0-1"]
[WhiteElo "1349"]
[BlackElo "1720"]
[Annotator "Fritz 5.00"]
[PlyCount "158"]
[EventDate "1999.07.20"]
[EventType "swiss"]
[EventRounds "9"]
[EventCountry "AUS"]

1. e4 c6 2. d4 d5 3. exd5 cxd5 {Caro-Kann (Exchange Variation)} 4. Nf3 Nc6 5.
c4 Nf6 6. Nc3 a6 (6... Bg4 7. cxd5 Nxd5 8. Qb3 Nb6 (8... Bxf3 9. gxf3 e6 10.
Qxb7 Nxd4 11. Bb5+ Nxb5 12. Qc6+ Ke7 13. Qxb5 Qd7 14. Nxd5+ Qxd5 15. Qxd5 (15.
Bg5+ f6 16. Qxd5 exd5 17. Be3 Ke6 18. O-O-O Bb4 19. a3 Rhc8+ 20. Kb1 Bc5 21.
Rhe1 Bxe3 22. Rxe3+ Kd6 23. Red3 Rc5 24. b4 {
1/2-1/2 Howell,J-Wells,P/Budapest FS06 GM 1994/EXP 41}) 15... exd5 16. Be3 Ke6
17. O-O-O Bb4 18. Kb1 Rhd8 19. Rd3 Rd7 20. Rc1 Rb8 21. Rc6+ Kf5 22. Ra6 Rbb7
23. a3 Be7 24. Ka2 Bf6 25. b4 d4 26. Bd2 Re7 27. Ra5+ Kg6 28. Ra6 Re2 29. Rxd4
Rxf2 30. Rd3 Rxh2 31. Kb3 Rf2 32. Bc3 h5 33. Bd4 Rd7 34. Bxf2 Rxd3+ 35. Kc4
Rxf3 36. Bxa7 h4 37. b5 h3 38. Bb8 Rf2 39. Rd6 Rc2+ 40. Kb3 Rb2+ 41. Kc4 Rc2+
42. Kb4 Rc8 43. Rb6 Kf5 44. Rb7 Rh8 45. Bh2 Be5 46. Rxf7+ Ke6 47. Bxe5 Kxe5 48.
Rf1 g5 {0-1 Brunner,L-Adorjan,A/BL8990 1990/BL 90}) 9. d5 Bxf3 10. gxf3 Nd4 11.
Bb5+ Nxb5 12. Nxb5 a6 13. Nc3 Nd7 14. Qxb7 g6 15. O-O Bg7 16. Re1 O-O 17. Bg5
Bf6 18. Bxf6 exf6 19. d6 Rb8 20. Qc7 Ne5 21. Re3 Rc8 $2 22. Qxd8 Rfxd8 23. Rd1
Rc6 24. Ne4 Kg7 25. b4 Nd7 26. Rc3 $1 $16 Rb6 27. a3 f5 28. Nc5 Nf8 29. d7 Kf6
30. Na4 $1 Re6 31. Rc7 Ke7 32. Nc5 Rb6 33. Ra7 Ne6 34. Re1 Kf6 35. Nxa6 Rd6 36.
Rxe6+ $1 fxe6 37. Nc5 Rb6 38. Kf1 g5 39. Ke2 h5 40. Kd3 Rd6+ 41. Kc3 Ke5 42.
Rc7 Kf4 43. Rc8 R8xd7 44. Nxd7 Rxd7 $18 45. b5 Kxf3 46. b6 Kxf2 47. a4 e5 48.
a5 e4 49. a6 e3 50. b7 {
1-0 Rozentalis,E-Adams,M/Hastings9697 1996/CBM 57/[Donev]}) 7. cxd5 Nxd5 8. Bc4
$146 (8. Bd3 Bg4 9. O-O e6 10. Be4 Be7 11. Qd3 Rc8 12. Re1 Ncb4 13. Qd2 Nxc3
14. bxc3 Bxf3 15. Bxf3 Nd5 16. Bb2 O-O 17. Qd3 b5 18. a4 Bf6 19. axb5 axb5 20.
Be4 {1/2-1/2 Nunn,J-Speelman,J/BL9697 Solingen-Duisburg 1996/BL9697}) 8... Nxc3
9. bxc3 {Prevents intrusion on b4} e6 {Consolidates d5} 10. O-O Be7 11. Be3 b5
12. Bd3 O-O $14 (12... Bb7 13. Rb1 $11) 13. Be4 $11 (13. a4 bxa4 14. Qxa4 Qc7
$14) 13... Bb7 14. Qc2 h6 {Secures g5} 15. Rab1 Rc8 16. Qd2 Qd7 $11 (16... Na5
$5 17. Bxb7 Nxb7 $15) 17. Bxc6 $17 (17. a4 $142 $5 $11 {
and White could well hope to play on}) 17... Qxc6 ({Worse is} 17... Rxc6 18.
Ne5 Qd5 19. Nxc6 Qxc6 20. f3 $16) 18. Rfc1 Rfd8 19. Qe1 $19 (19. Qb2 $5 $17)
19... Qc4 $17 (19... Ba3 $5 20. Rc2 $19) 20. Ne5 Qd5 {
Do you see the mate threat?} 21. f3 Ba3 22. Rc2 Bd6 23. Bf4 $17 (23. Re2 $5 $15
{looks like a viable alternative}) 23... f6 24. Ng6 $19 (24. Nd3 e5 25. Be3
exd4 26. Bxd4 Qh5 $17) 24... Kf7 25. Bxd6 Qxd6 (25... Kxg6 $6 26. Bb4 $11) 26.
Re2 (26. Nh4 $142 g5 27. a4 $19) 26... Kxg6 (26... Bd5 $5 {
might be the shorter path} 27. Nh4 g5 28. Re3 $19) 27. Rxe6 Qd5 28. Re7 Rd7 $4
$18 {spoils everything} (28... Kh7 $142 $19 {Black has the better game}) 29.
Qg3+ Qg5 30. Qxg5+ $1 {the decision} hxg5 31. Rxd7 Bc6 32. Re7 (32. Rd6 $5 {
makes it even easier for White} a5 $18) 32... a5 (32... Bd5 33. Re3 $18) 33.
Rc1 (33. Kf2 {keeps an even firmer grip} a4 $18) 33... Bd5 34. a3 b4 35. axb4 (
35. Ra7 $5 {seems even better} Rxc3 36. Rxc3 bxc3 $18) 35... axb4 36. Re3 Rc4
37. Kf2 Kf5 (37... b3 38. Re8 $18) 38. Ke2 bxc3 (38... Rc6 39. Kd2 b3 40. Ra1
$18) 39. Rexc3 (39. Kd3 $5 {and White can already relax} Ra4 $18) 39... Rxd4
40. Rc7 g6 {Black prepares g4} (40... g4 41. Ke3 Ra4 42. Rd1 $18) 41. R1c5 (41.
Re7 $5 {might be the shorter path} g4 42. Ke3 Rc4 43. Rxc4 Bxc4 44. fxg4+ Kg5
$18) 41... g4 42. fxg4+ (42. Ke3 {makes it even easier for White} Rd1 43. fxg4+
Ke6 $18) 42... Kxg4 43. Rg7 (43. Ke3 Re4+ 44. Kd3 Re5 $18) 43... g5 (43... Kf5
44. g3 $18) 44. g3 (44. Ke3 Re4+ 45. Kd3 Ba8 $18) 44... Bc4+ (44... Bf3+ $142
45. Ke3 Re4+ 46. Kd3 Re6 $18) 45. Rxc4 $4 $15 {throws away the game} (45. Ke3
$142 Rd3+ 46. Ke4 $18) 45... Rxc4 46. Kd3 Rc5 47. Rf7 f5 $11 (47... Rc6 48. Kd4
$15) 48. Rd7 Ra5 49. Ke3 $15 (49. Rg7 f4 50. gxf4 Kxf4 51. Rf7+ Ke5 52. Re7+
Kf6 $11) 49... Ra3+ 50. Kf2 (50. Kd4 Ra4+ 51. Ke5 Ra5+ 52. Rd5 Ra8 $15) 50...
Ra2+ 51. Kg1 Kf3 {Threatening mate... how?} 52. Rd3+ Kg4 53. Rd4+ $4 $19 {
allows the opponent back into the game} (53. Rd7 $142 $11 {is a viable option})
53... Kh3 54. Rd5 Rxh2 55. Rxf5 Rg2+ 56. Kf1 Rxg3 57. Rf8 (57. Rd5 Rg2 $19)
57... Kg4 (57... Ra3 $142 $5 58. Rh8+ Kg3 59. Rh5 $19) 58. Rg8 Ra3 59. Kf2 Ra2+
60. Ke3 Ra4 61. Kf2 Ra2+ $11 (61... Ra6 $142 $19) 62. Ke3 Rh2 63. Rg7 Rh5 (
63... Rg2 64. Rg8 $19) 64. Kf2 Kh3 65. Ra7 $2 $19 (65. Kf3 $142 $5 $17) 65...
g4 66. Ra3+ (66. Rg7 Rf5+ 67. Kg1 Ra5 $19) 66... Kh4 $17 (66... Kh2 $142 {
secures the win} 67. Ra2 g3+ 68. Kf3+ Kh3 $19) 67. Ra4 $2 $19 (67. Ra8 $142 $17
) 67... Kh3 $4 $11 {gives the opponent new chances} (67... Rb5 $142 $19 {
Black has a promising position}) 68. Ra3+ Kh2 69. Rb3 (69. Ra2 $19 {
otherwise it's curtains at once}) 69... Rf5+ 70. Ke2 g3 71. Rb8 Kg2 (71... Rh5
72. Rg8 g2 73. Kf2 g1=Q+ 74. Rxg1 Rf5+ 75. Ke3 Kxg1 76. Ke4 Rh5 77. Kf3 Re5 78.
Kf4 Re1 79. Kf3 Re8 80. Kg3 Re3+ 81. Kf4 Kf2 82. Kg4 Rf3 83. Kh4 Rg3 84. Kh5
Kf3 85. Kh6 Kf4 86. Kh5 Kf5 87. Kh6 Rg6+ 88. Kh7 Kf6 89. Kh8 Rh6+ 90. Kg8 Rh1
91. Kf8 Rh8#) 72. Rh8 (72. Ke3 $19 {no good, but what else?}) 72... Re5+ 73.
Kd3 Kg1 74. Rg8 g2 75. Ra8 Kh2 76. Rh8+ Kg3 77. Rg8+ Kh3 78. Rh8+ (78. Rg6 $19
{hoping against hope}) 78... Kg4 79. Kd4 (79. Rg8+ Rg5 $1 {the knockout punch}
80. Rxg5+ Kxg5 81. Kd4 g1=Q+ 82. Ke4 Qe1+ 83. Kd5 Kf5 84. Kc4 Qe4+ 85. Kc3 Ke5
86. Kb3 Kd4 87. Kb2 Kd3 88. Kc1 Qe2 89. Kb1 Kc3 90. Kc1 Qc2#) 79... Rg5 $1 {
the punch} (79... Rg5 80. Rd8 g1=Q+ 81. Kc4 Qc5+ 82. Kd3 Qb5+ 83. Kc3 Qa5+ 84.
Kd4 Qxd8+ 85. Kc4 Qc7+ 86. Kd4 Qd6+ 87. Ke3 Re5+ 88. Kf2 Qd2+ 89. Kf1 Re1#) 0-1